ბათუმის შოთა რუსთაველის სახელმწიფო უნივერსიტეტის ბიბლიოთეკა

ნიადაგის დამულჩვის თეორიული და პრაქტიკული საკითხები მევენახეობაში. (ბიბ.ჩანაწერი № 44666)

000 -LEADER
fixed length control field 00990nam a2200217Ia 4500
001 - CONTROL NUMBER
control field 11469
003 - CONTROL NUMBER IDENTIFIER
control field GE_BSU
008 - FIXED-LENGTH DATA ELEMENTS--GENERAL INFORMATION
fixed length control field 181216s||||||||xx |||||||||||||| ||und||
040 ## - CATALOGING SOURCE
Transcribing agency GE_BSU
080 ## - UNIVERSAL DECIMAL CLASSIFICATION NUMBER
Universal Decimal Classification number 634.8:631.544.7
245 ## - TITLE STATEMENT
Title ნიადაგის დამულჩვის თეორიული და პრაქტიკული საკითხები მევენახეობაში.
245 ## - TITLE STATEMENT
Remainder of title რედ:მ.შუბლაძე;მხატვ:ვ.ავსაჯანიშვილი.
245 ## - TITLE STATEMENT
Statement of responsibility, etc. გოგოლიშვილი,მ.
260 ## - PUBLICATION, DISTRIBUTION, ETC.
Place of publication, distribution, etc. თბილისი.
260 ## - PUBLICATION, DISTRIBUTION, ETC.
Name of publisher, distributor, etc. საბჭოთა საქართველო.
260 ## - PUBLICATION, DISTRIBUTION, ETC.
Date of publication, distribution, etc. 1963.
300 ## - PHYSICAL DESCRIPTION
Extent 218გვ;22სმ.
300 ## - PHYSICAL DESCRIPTION
Accompanying material ილ;ცხრ.
653 ## - INDEX TERM--UNCONTROLLED
Uncontrolled term ნიადაგის დამულჩვის თეორიული და პრაქტიკული საკითხები მევენახეობაში.
942 ## - ADDED ENTRY ELEMENTS (KOHA)
Koha item type წიგნი
ეგზემპლარები
Withdrawn status Lost status Damaged status Not for loan Date acquired Barcode Date last seen Price effective from Koha item type
        2018-12-17 20214 2018-12-17 2018-12-17 წიგნი
        2018-12-17 20215 2018-12-17 2018-12-17 წიგნი